[Event "17th European Club Cup w"]
[Site "Eilat ISR"]
[Date "2012.10.11"]
[Round "1.1"]
[White "Gunina, Valentina"]
[Black "Koneru, Humpy"]
[Result "0-1"]
[WhiteTitle "IM"]
[BlackTitle "GM"]
[WhiteElo "2514"]
[BlackElo "2607"]
[WhiteTeam "SHSM-Nashe Nasledie"]
[BlackTeam "Cercle d'Echecs de Monte-Carlo"]
[WhiteFideId "4167570"]
[BlackFideId "5008123"]
[EventDate "2012.10.11"]

1. Nf3 e6 2. c4 Nf6 3. Nc3 d5 4. cxd5 exd5 5. d4 Bb4 6. Bd2 O-O 7. g3 a5 8. Bg2
Ne4 9. O-O Bxc3 10. Bxc3 Be6 11. Nd2 Nd6 12. Re1 Nc6 13. e4 Nb5 14. Nb3 b6 15.
a4 Nxc3 16. bxc3 dxe4 17. Bxe4 Bd5 18. Bd3 Ne7 19. c4 Bb7 20. d5 Qd7 21. Qc2 h6
22. Re5 Rae8 23. Rae1 Nc8 24. Nd4 Nd6 25. Bh7+ Kh8 26. Bf5 Qd8 27. R1e3 Rxe5 28.
Rxe5 Qf6 29. Qe2 c5 30. dxc6 Bxc6 31. Nxc6 Nxf5 32. Qe4 Nd6 33. Qd5 Nxc4 34. Rf5
Qc3 35. Kg2 Qc1 36. Ne7 Nd2 37. Qd3 Re8 38. Re5 Rf8 39. h4 Qc7 40. Qf5 Nc4 41.
Re1 Nd6 42. Ng6+ Kg8 43. Qd5 Rd8 44. Ne7+ Kh8 45. Nc6 Rc8 46. Ne5 Kg8 47. Ng6
Kh7 48. Ne7 Re8 49. Qd3+ Kh8 50. Nd5 Qc6 51. Rb1 Re5 52. Rd1 Ne4 53. Qd4 Re6 54.
Kg1 Nc5 55. Nf4 Re4 56. Qc3 Qxa4 57. Rd6 Qe8 58. Rxh6+ Kg8 59. Rxb6 Na4 60. Qxa5
Nxb6 61. Qxb6 Re1+ 62. Kh2 Qa8 63. Ng2 Rf1 64. Qe3 Qa1 65. Nf4 Rh1+ 66. Kg2 Qa8+
67. f3 Qa1 68. Qf2 Rb1 69. Qc5 Rc1 70. Qf5 g6 71. Qd7 Rc2+ 72. Kh3 Qf6 73. Qd3
Rf2 74. Qe3 Ra2 75. Qe4 Qb2 76. Qe8+ Kg7 77. Qe7 Qf6 78. Qd7 Rf2 79. Kg4 Qc3 80.
Ne6+ Kf6 81. Ng5 Qc4+ 82. Ne4+ Kg7 83. Qe7 Qc8+ 84. Kf4 Qf5+ 85. Ke3 Rxf3+ 86.
Kd4 Qb5 87. Nc5 Qb4+ 88. Kd5 Rf5+ 89. Kc6 Qc3 90. g4 Re5 91. Qa7 Qf3+ 92. Kb5
Qxg4 93. Qa1 Qf4 94. Qc3 Kh7 95. Qb3 Kg8 96. Qd3 Qxh4 97. Qd6 Qg5 98. Kb4 Rxc5 0-1

[Event "17th European Club Cup w"]
[Site "Eilat ISR"]
[Date "2012.10.11"]
[Round "1.1"]
[White "Kashlinskaya, Alina"]
[Black "Cramling, Pia"]
[Result "0-1"]
[WhiteTitle "WGM"]
[BlackTitle "GM"]
[WhiteElo "2368"]
[BlackElo "2514"]
[WhiteTeam "SHSM-Nashe Nasledie"]
[BlackTeam "Cercle d'Echecs de Monte-Carlo"]
[WhiteFideId "4198026"]
[BlackFideId "1700030"]
[EventDate "2012.10.11"]

1. d4 Nf6 2. c4 e6 3. Nc3 Bb4 4. e3 O-O 5. Bd3 d5 6. Nf3 c5 7. O-O Nc6 8. a3 Ba5
9. Ne2 dxc4 10. Bxc4 cxd4 11. exd4 h6 12. b4 Bc7 13. Bb2 Ne7 14. Ne5 Nfd5 15.
Rc1 b6 16. Qd3 a6 17. Ba2 Bb7 18. Bb1 f5 19. Qb3 Rc8 20. a4 Qe8 21. b5 Ng6 22.
Ba3 Ndf4 23. Nxf4 Nxf4 24. Bxf8 Ne2+ 25. Kh1 Nxc1 26. Rxc1 Bxe5 27. Rxc8 Qxc8
28. Ba3 Bxd4 29. Bxf5 Kf7 30. Bg4 axb5 31. Qxb5 Qc6 32. Qf1 Qxa4 33. Qc1 Bc5 34.
Bh5+ Kg8 35. Bb2 Qb5 36. Bg4 Bd5 37. Kg1 Qc4 38. Qd1 Qf4 39. Qe2 Kf7 40. h3 Qe4
41. Qf1 Bd6 42. Bf3 Qf4 43. Qb5 Qh2+ 44. Kf1 Bxf3 45. Qd7+ Be7 46. gxf3 Qxh3+
47. Ke2 Qh4 48. Bd4 b5 49. Bb6 Qc4+ 50. Ke3 Qd5 51. Qxd5 exd5 52. Kd4 Ke6 53.
Ba5 b4 54. Bc7 Bd6 0-1

[Event "17th European Club Cup w"]
[Site "Eilat ISR"]
[Date "2012.10.11"]
[Round "1.2"]
[White "Girya, Olga"]
[Black "Cmilyte, Viktorija"]
[Result "1-0"]
[WhiteTitle "WGM"]
[BlackTitle "GM"]
[WhiteElo "2454"]
[BlackElo "2528"]
[WhiteTeam "Ugra"]
[BlackTeam "AVS"]
[WhiteFideId "4195752"]
[BlackFideId "12801259"]
[EventDate "2012.10.11"]

1. d4 f5 2. c4 Nf6 3. Nc3 d6 4. Nf3 g6 5. Bf4 Bg7 6. h3 c6 7. e3 Qa5 8. Be2 Ne4
9. O-O Nxc3 10. bxc3 O-O 11. c5 dxc5 12. Qb3+ Kh8 13. Ne5 e6 14. Nc4 Qd8 15. Bd6
Rg8 16. Bxc5 Nd7 17. Ba3 Qf6 18. Nd6 Bf8 19. Nxc8 Bxa3 20. Qxb7 Raxc8 21. Qxd7
g5 22. Rab1 Qh6 23. Bc4 Rce8 24. Rb3 Qf8 25. Bxe6 Rg7 26. Qxc6 Rg6 27. Rxa3
Rgxe6 28. Qc5 Qxc5 29. dxc5 a6 30. Rd1 f4 31. exf4 gxf4 32. Ra4 Rf8 33. Rdd4 f3
34. Rf4 Rc8 35. Rxf3 Rxc5 36. Rf8+ Kg7 37. Ra8 Rg5 38. Ra7+ Kg8 39. R4xa6 Re1+
40. Kh2 Re2 41. Rd6 Rxf2 42. Rd8+ Rf8 43. Rdd7 1-0

[Event "17th European Club Cup w"]
[Site "Eilat ISR"]
[Date "2012.10.11"]
[Round "1.2"]
[White "Pogonina, Natalija"]
[Black "Romanko, Marina"]
[Result "1/2-1/2"]
[WhiteTitle "WGM"]
[BlackTitle "IM"]
[WhiteElo "2476"]
[BlackElo "2365"]
[WhiteTeam "AVS"]
[BlackTeam "Ugra"]
[WhiteFideId "4147855"]
[BlackFideId "4149351"]
[EventDate "2012.10.11"]

1. e4 c6 2. d4 d5 3. e5 Bf5 4. Nf3 e6 5. Be2 Ne7 6. O-O Bg6 7. Nbd2 Nf5 8. Nb3
Be7 9. g4 Nh6 10. h3 Ng8 11. Ne1 h5 12. gxh5 Bf5 13. Bg4 Nh6 14. Ng2 Na6 15. c3
Qd7 16. Bf4 O-O-O 17. Qe2 Rdg8 18. Rad1 Qd8 19. f3 g6 20. hxg6 Bxg6 21. Nc1 Nf5
22. b4 Nb8 23. a4 Nd7 24. a5 a6 25. Nd3 Nf8 26. Bh2 Ng7 27. Ndf4 Bf5 28. Bg3 Ng6
29. Kf2 Nxf4 30. Nxf4 Bh7 31. Rg1 Nf5 32. Bh2 Bh4+ 33. Kf1 Bg5 34. Ng2 Bg6 35.
f4 Be7 36. Ke1 Nh6 37. Ne3 Nxg4 38. hxg4 Be4 39. Kd2 Rh3 40. Rde1 Rgh8 41. Bg3
Bh4 42. Bxh4 R8xh4 43. Rgf1 c5 44. f5 cxd4 45. cxd4 Kb8 46. fxe6 fxe6 47. Rc1
Rh1 48. Rxh1 Rxh1 49. Rf1 Qe7 50. Kc3 Rh3 51. Rf6 Qc7+ 52. Kb2 Rxe3 53. Qxe3
Qc2+ 54. Ka3 Bd3 55. Qf2 Qc3+ 56. Ka2 Bc4+ 57. Kb1 Bd3+ 1/2-1/2

[Event "17th European Club Cup w"]
[Site "Eilat ISR"]
[Date "2012.10.11"]
[Round "1.2"]
[White "Shadrina, Tatiana"]
[Black "Muzychuk, Mariya"]
[Result "1-0"]
[WhiteTitle "WGM"]
[BlackTitle "IM"]
[WhiteElo "2361"]
[BlackElo "2474"]
[WhiteTeam "Ugra"]
[BlackTeam "AVS"]
[WhiteFideId "4119118"]
[BlackFideId "14114550"]
[EventDate "2012.10.11"]

1. e4 c5 2. Nf3 e6 3. d4 cxd4 4. Nxd4 a6 5. Bd3 Nf6 6. O-O Qc7 7. c4 Nc6 8. Nxc6
dxc6 9. Be3 e5 10. h3 Nd7 11. Nc3 Bc5 12. Qe2 O-O 13. Rac1 b6 14. Na4 Bxe3 15.
Qxe3 Qa7 16. c5 b5 17. Nb6 Rb8 18. Nxd7 Bxd7 19. Rfd1 Be6 20. Bc2 Rfd8 21. Bb3
Bxb3 22. axb3 Qc7 23. Qc3 a5 24. Ra1 b4 25. Qc4 h6 26. g3 Rb5 27. Rac1 Rbb8 28.
Kg2 Rd7 29. Rxd7 Qxd7 30. Qa6 Rb5 31. Qa8+ Kh7 32. Qf8 Rb7 33. Qd6 f6 34. Rd1
Qe8 35. h4 h5 36. Qd3 Rb5 37. Qc4 Kg6 38. Rd6 Qc8 39. Qc1 Kh7 40. Qc4 Qe8 41.
Qe2 Rb7 42. Qd1 Rb5 43. Rd8 Qg6 44. Qc2 Qf7 45. Rd6 Qe8 46. Kh2 Rb7 47. Qd3 Rb5
48. Qc4 Kg6 49. f3 Qc8 50. Kg2 Qe8 51. g4 hxg4 52. fxg4 Kh7 53. Kg3 Kg6 54. h5+
Kh7 55. Qc1 Qf7 56. Qc2 Qe8 57. Qf2 Rb7 58. Qf5+ Kg8 59. h6 Rf7 60. Qg6 Qf8 61.
Rxc6 Rd7 62. Rd6 Rc7 63. Rd5 Qc8 64. c6 Ra7 65. Rd6 Kh8 66. Qf5 Qxf5 67. gxf5
Rc7 68. hxg7+ Kh7 69. Rxf6 Kxg7 70. Re6 Kf7 71. Kf3 Rc8 72. Rxe5 1-0

[Event "17th European Club Cup w"]
[Site "Eilat ISR"]
[Date "2012.10.11"]
[Round "1.3"]
[White "Danielian, Elina"]
[Black "Efroimski, Marsel"]
[Result "1/2-1/2"]
[WhiteTitle "GM"]
[BlackTitle "WIM"]
[WhiteElo "2476"]
[BlackElo "2162"]
[WhiteTeam "Mika"]
[BlackTeam "Rishon Le-Zion"]
[WhiteFideId "13300210"]
[BlackFideId "2810964"]
[EventDate "2012.10.11"]

1. Nf3 Nf6 2. b3 d5 3. Bb2 g6 4. c4 c6 5. g3 Bg7 6. Bg2 O-O 7. O-O Re8 8. d3
Nbd7 9. cxd5 cxd5 10. Nc3 e5 11. Qc2 Nb8 12. b4 Bg4 13. h3 Bxf3 14. Bxf3 Nc6 15.
Bg2 Rc8 16. Qa4 Nd4 17. e3 b5 18. Qd1 Nc6 19. Nxb5 Nxb4 20. Qb3 Bf8 21. a3 Rb8
22. axb4 Rxb5 23. Rxa7 Rxb4 24. Qa2 Bc5 25. Ra6 Rb6 26. Rc1 Qd6 27. Ra5 Bb4 28.
Ra8 Rxa8 29. Qxa8+ Rb8 30. Qa7 Nd7 31. Rc7 Rd8 32. Rb7 Bc5 33. Qa5 Rb8 34. Qb5
Rxb7 35. Qxb7 d4 36. e4 Nf8 37. Bc1 Kg7 38. h4 Ne6 39. h5 g5 40. h6+ Kxh6 41.
Qxf7 Qe7 42. Qf5 Ng7 43. Qh3+ Kg6 44. f4 h5 45. Qc8 Bd6 46. f5+ Kh7 47. Bf3 g4
48. Bd1 Qc7 49. Qxc7 Bxc7 50. Bg5 Ne8 51. Ba4 Nd6 52. Bf6 Nf7 53. Be8 Kg8 54.
Be7 Kg7 55. Kf1 Ba5 56. Ke2 Bc3 57. Kd1 Ba5 58. Kc2 Bc3 59. Bd7 Ba5 60. Bc6 Bc3
61. Kd1 Ba5 62. Kc2 Be1 63. Bh4 Bf2 64. Kb3 Be3 65. f6+ Kg6 66. Kc4 Ng5 67. Kd5
Kxf6 68. Bd7 Ke7 69. Bf5 Kf7 70. Bxg5 Bxg5 71. Kxe5 Be3 72. Kd5 Bf2 73. e5 Ke7
74. Bg6 Bxg3 75. Bxh5 Bf2 76. Bxg4 Be3 77. Ke4 Bg1 78. Kf5 1/2-1/2

[Event "17th European Club Cup w"]
[Site "Eilat ISR"]
[Date "2012.10.11"]
[Round "1.3"]
[White "Reprun, Nadejda"]
[Black "Harika, Dronavalli"]
[Result "1/2-1/2"]
[BlackTitle "GM"]
[WhiteElo "2143"]
[BlackElo "2512"]
[WhiteTeam "Rishon Le-Zion"]
[BlackTeam "Mika"]
[WhiteFideId "2806843"]
[BlackFideId "5015197"]
[EventDate "2012.10.11"]

1. e4 c5 2. Nf3 Nc6 3. d4 cxd4 4. Nxd4 g6 5. Nc3 Bg7 6. Be3 Nf6 7. Bc4 O-O 8.
Bb3 d6 9. f3 Bd7 10. O-O Rc8 11. Nd5 Na5 12. Nxf6+ Bxf6 13. c3 b5 14. Nc2 Nc6
15. Bd5 a5 16. Bxc6 Bxc6 17. Qe2 Qc7 18. Nd4 Qb7 19. Nxc6 Rxc6 20. a3 Rfc8 21.
Rfd1 Rc4 22. Rd5 b4 23. axb4 axb4 24. Bd4 Bxd4+ 25. Rxd4 Qb6 26. Qf2 Rxd4 27.
cxd4 b3 28. Qe3 Rc4 29. Ra3 Rxd4 30. Rxb3 Rd1+ 31. Kf2 Rd2+ 32. Kg3 Qxe3 33.
Rxe3 Rxb2 34. f4 Kg7 35. h4 h6 36. Kf3 h5 37. g3 Rd2 38. Ra3 Rc2 39. Rd3 Kf6 40.
Ra3 Rb2 41. Rd3 Rb5 42. Ra3 e6 43. Ra6 Rb3+ 44. Kf2 Rd3 45. Rb6 Kg7 46. Rb7 d5
47. exd5 exd5 48. Rb6 Kf8 49. f5 gxf5 50. Rf6 Kg7 51. Rxf5 Kg6 52. Rg5+ Kh6 53.
Rf5 Kg6 54. Rg5+ Kh6 55. Rf5 Kg6 1/2-1/2

[Event "17th European Club Cup w"]
[Site "Eilat ISR"]
[Date "2012.10.11"]
[Round "1.3"]
[White "Lahav, Michal"]
[Black "Javakhishvili, Lela"]
[Result "0-1"]
[BlackTitle "IM"]
[WhiteElo "1732"]
[BlackElo "2444"]
[WhiteTeam "Rishon Le-Zion"]
[BlackTeam "Mika"]
[WhiteFideId "2813742"]
[BlackFideId "13601458"]
[EventDate "2012.10.11"]

1. e4 c5 2. Nf3 e6 3. c3 Qa5 4. Be2 d6 5. O-O Nf6 6. d3 Nc6 7. h3 Be7 8. Be3 b5
9. Nbd2 O-O 10. Nh2 d5 11. f4 d4 12. cxd4 Nxd4 13. Bxd4 cxd4 14. Nb3 Qb6 15. Rc1
a5 16. Kh1 a4 17. Nd2 a3 18. b3 Bb7 19. g4 Rac8 20. Rxc8 Rxc8 21. Bf3 Qc7 22.
Bg2 Qc2 23. Ndf3 Qb2 24. Kg1 Rc2 25. Ne1 Rc1 0-1

[Event "17th European Club Cup w"]
[Site "Eilat ISR"]
[Date "2012.10.11"]
[Round "1.4"]
[White "Vasiliev, Olga"]
[Black "Ivkina, Olga"]
[Result "1-0"]
[WhiteTitle "WIM"]
[BlackTitle "WIM"]
[WhiteElo "2240"]
[BlackElo "2266"]
[WhiteTeam "Ashdod"]
[BlackTeam "Chigorin Club"]
[WhiteFideId "2807602"]
[BlackFideId "4156820"]
[EventDate "2012.10.11"]

1. e4 e6 2. d4 d5 3. e5 c5 4. c3 Nc6 5. Nf3 Bd7 6. a3 Qb6 7. b4 cxd4 8. cxd4 Rc8
9. Be3 Nh6 10. Bd3 Nf5 11. O-O Be7 12. Nbd2 Nxe3 13. fxe3 f6 14. exf6 Bxf6 15.
Kh1 O-O 16. Nb3 Qd8 17. Qe2 Qe8 18. e4 e5 19. b5 Nxd4 20. Nbxd4 exd4 21. e5 Bd8
22. Nxd4 Bb6 23. Rxf8+ Qxf8 24. Rf1 Qe7 25. e6 Bxd4 26. exd7 Qxd7 27. Bf5 Qd8
28. Qe6+ 1-0

[Event "17th European Club Cup w"]
[Site "Eilat ISR"]
[Date "2012.10.11"]
[Round "1.4"]
[White "Ivanova-Skripova, Tatiana"]
[Black "Tsifanskaya, Ludmila A"]
[Result "1/2-1/2"]
[BlackTitle "WIM"]
[WhiteElo "2173"]
[BlackElo "2087"]
[WhiteTeam "Chigorin Club"]
[BlackTeam "Ashdod"]
[WhiteFideId "4109724"]
[BlackFideId "2802368"]
[EventDate "2012.10.11"]

1. d4 Nf6 2. Nf3 g6 3. Bf4 Bg7 4. e3 O-O 5. c4 c5 6. Nc3 cxd4 7. exd4 d5 8. Qb3
dxc4 9. Bxc4 Nc6 10. Nb5 Na5 11. Qb4 Nxc4 12. Qxc4 Be6 13. Qc7 Nd5 14. Qxd8
Rfxd8 15. Be5 a6 16. Bxg7 Kxg7 17. Nc3 Rac8 18. Kd2 Nf4 19. g3 Bd5 20. Nxd5 Nxd5
21. Rac1 Rxc1 22. Rxc1 f6 23. a3 Rd7 24. Rc5 h5 25. Kd3 e6 26. Ke4 Kf7 27. Rc8
Ne7 28. Rc5 Nd5 29. Rc8 Ne7 30. Rc5 Nd5 1/2-1/2

[Event "17th European Club Cup w"]
[Site "Eilat ISR"]
[Date "2012.10.12"]
[Round "2.1"]
[White "Kashlinskaya, Alina"]
[Black "Ivkina, Olga"]
[Result "0-1"]
[WhiteTitle "WGM"]
[BlackTitle "WIM"]
[WhiteElo "2368"]
[BlackElo "2266"]
[WhiteTeam "SHSM-Nashe Nasledie"]
[BlackTeam "Chigorin Club"]
[WhiteFideId "4198026"]
[BlackFideId "4156820"]
[EventDate "2012.10.11"]

1. d4 Nf6 2. c4 c5 3. d5 e6 4. Nc3 exd5 5. cxd5 d6 6. Nf3 g6 7. g3 Bg7 8. Bg2
O-O 9. O-O a6 10. a4 Nbd7 11. Nd2 Rb8 12. Nc4 Ne5 13. Nxe5 dxe5 14. a5 Bf5 15.
e4 Bd7 16. Be3 Rc8 17. Qb3 Ng4 18. Qxb7 Nxe3 19. fxe3 Bh6 20. Rfe1 Rb8 21. Qxa6
Rxb2 22. Qc4 Qc7 23. Na4 Bxa4 24. Rxa4 Rfb8 25. a6 Qa7 26. Qc3 R2b3 27. Qc4
Bxe3+ 28. Kh1 Bd4 29. d6 R3b6 30. d7 Qxd7 31. Qd5 Qxa4 0-1

[Event "17th European Club Cup w"]
[Site "Eilat ISR"]
[Date "2012.10.12"]
[Round "2.1"]
[White "Ivanova-Skripova, Tatiana"]
[Black "Savina, Anastasia"]
[Result "0-1"]
[BlackTitle "IM"]
[WhiteElo "2173"]
[BlackElo "2303"]
[WhiteTeam "Chigorin Club"]
[BlackTeam "SHSM-Nashe Nasledie"]
[WhiteFideId "4109724"]
[BlackFideId "4196872"]
[EventDate "2012.10.11"]

1. d4 Nf6 2. Nf3 g6 3. Bf4 Bg7 4. e3 d6 5. Be2 Nh5 6. Bg5 h6 7. Bh4 g5 8. Nfd2
gxh4 9. Bxh5 O-O 10. Nf3 c5 11. c3 cxd4 12. exd4 h3 13. g4 e5 14. dxe5 dxe5 15.
Qxd8 Rxd8 16. Nbd2 Nd7 17. Nc4 Nf6 18. Ne3 Be6 19. Rg1 Kf8 20. Nh4 Nxh5 21. gxh5
Bf6 22. Nf3 Rd3 23. Rd1 Rxd1+ 24. Kxd1 e4 25. Nd2 Be5 26. Ng4 Bxg4+ 27. Rxg4 f5
28. Rh4 Bxh2 29. Rxh3 Bf4 30. Ke2 Kf7 31. Nc4 Ke6 32. Rh1 Rg8 33. Ne3 Bxe3 34.
Kxe3 Rg2 35. b3 Ke5 36. Rd1 f4+ 37. Ke2 e3 38. Rd8 Rxf2+ 39. Ke1 Rxa2 0-1

[Event "17th European Club Cup w"]
[Site "Eilat ISR"]
[Date "2012.10.12"]
[Round "2.2"]
[White "Efroimski, Marsel"]
[Black "Klinova, Masha"]
[Result "1/2-1/2"]
[WhiteTitle "WIM"]
[BlackTitle "IM"]
[WhiteElo "2162"]
[BlackElo "2324"]
[WhiteTeam "Rishon Le-Zion"]
[BlackTeam "Ashdod"]
[WhiteFideId "2810964"]
[BlackFideId "2802015"]
[EventDate "2012.10.11"]

1. e4 g6 2. Nc3 Bg7 3. f4 c6 4. Qf3 d6 5. g4 e5 6. f5 h5 7. fxg6 fxg6 8. gxh5
Qh4+ 9. Qg3 Qxg3+ 10. hxg3 Nf6 11. d3 Nxh5 12. Kf2 Nd7 13. Bg5 Ndf6 14. Nf3 O-O
15. Kg2 b5 16. Be2 a5 17. Nh4 Kh7 18. Bxf6 Nxf6 19. Nf5+ Kg8 20. Nh6+ Bxh6 21.
Rxh6 Kg7 22. Rh4 Be6 23. g4 b4 24. g5 bxc3 25. gxf6+ Kxf6 26. bxc3 Rab8 27. Rh7
Rf7 28. Rf1+ Ke7 29. Rfxf7+ Bxf7 30. d4 Kf6 31. dxe5+ dxe5 32. a4 Rb2 33. Bd3 c5
34. c4 Rb4 1/2-1/2

[Event "17th European Club Cup w"]
[Site "Eilat ISR"]
[Date "2012.10.12"]
[Round "2.2"]
[White "Vasiliev, Olga"]
[Black "Reprun, Nadejda"]
[Result "1-0"]
[WhiteTitle "WIM"]
[WhiteElo "2240"]
[BlackElo "2143"]
[WhiteTeam "Ashdod"]
[BlackTeam "Rishon Le-Zion"]
[WhiteFideId "2807602"]
[BlackFideId "2806843"]
[EventDate "2012.10.11"]

1. e4 c6 2. d4 d5 3. e5 Bf5 4. Nf3 e6 5. Be2 Nd7 6. O-O Ne7 7. Be3 c5 8. c4 dxc4
9. Na3 Nc6 10. Nxc4 cxd4 11. Nxd4 Nxd4 12. Qxd4 Bc5 13. Nd6+ Kf8 14. Qd2 Bxe3
15. Qxe3 Qb6 16. Qa3 Kg8 17. Rac1 h6 18. Nc8 Qd8 19. Ne7+ Kh7 20. Rfd1 a6 21.
Nxf5 exf5 22. Qd3 Nxe5 23. Qxf5+ g6 24. Qxe5 1-0

[Event "17th European Club Cup w"]
[Site "Eilat ISR"]
[Date "2012.10.12"]
[Round "2.2"]
[White "Federovski, Adi"]
[Black "Tsifanskaya, Ludmila A"]
[Result "0-1"]
[BlackTitle "WIM"]
[WhiteElo "1829"]
[BlackElo "2087"]
[WhiteTeam "Rishon Le-Zion"]
[BlackTeam "Ashdod"]
[WhiteFideId "2813777"]
[BlackFideId "2802368"]
[EventDate "2012.10.11"]

1. e4 c5 2. Nc3 Nc6 3. g3 g6 4. Bg2 Bg7 5. d3 Rb8 6. Be3 b5 7. Qd2 b4 8. Nd1 d6
9. Ne2 Nd4 10. Nc1 Bg4 11. Bxd4 cxd4 12. O-O Nf6 13. h3 Bd7 14. Ne2 e5 15. f4 h5
16. a3 a5 17. b3 Qc8 18. Nf2 Qc5 19. Ra2 bxa3 20. Rfa1 Rc8 21. Nc1 Bh6 22. Rxa3
Qxc2 23. Qxc2 Rxc2 24. Rxa5 exf4 25. R5a2 Rxa2 26. Rxa2 O-O 27. Ne2 fxg3 28.
Nxg3 Rb8 29. Rb2 Be3 30. Nf1 Bb5 31. Kh1 Kg7 32. Nd1 Bxd3 33. Ndxe3 dxe3 34.
Nxe3 Nxe4 35. b4 f5 36. Nd5 Bc4 37. Ne3 d5 38. Kh2 Kf6 39. h4 Ke5 40. Nc2 d4 0-1

[Event "17th European Club Cup w"]
[Site "Eilat ISR"]
[Date "2012.10.12"]
[Round "2.2"]
[White "Dotan, Valeria"]
[Black "Lahav, Michal"]
[Result "1/2-1/2"]
[WhiteTitle "WFM"]
[WhiteElo "2064"]
[BlackElo "1732"]
[WhiteTeam "Ashdod"]
[BlackTeam "Rishon Le-Zion"]
[WhiteFideId "2803607"]
[BlackFideId "2813742"]
[EventDate "2012.10.11"]

1. Nf3 d5 2. d4 Nf6 3. c4 e6 4. Bg5 Be7 5. e3 Nbd7 6. Nc3 O-O 7. Rc1 dxc4 8.
Bxc4 c5 9. O-O h6 10. Bh4 a6 11. a4 Qb6 12. Qe2 cxd4 13. exd4 Re8 14. Rfd1 Nf8
15. Rd2 Ng6 16. Bg3 Nh5 17. Rcd1 Bd7 18. Ne5 Nxg3 19. hxg3 Nxe5 20. Qxe5 Bd6 21.
Qe2 Bc6 22. b3 Bb4 23. Rc2 Rad8 24. Na2 Bd5 25. Nxb4 Qxb4 26. Qd3 Rd7 27. Qc3
Qxc3 28. Rxc3 Rc8 29. a5 Rcd8 30. Rcd3 Be4 31. R3d2 Bd5 32. f3 Kf8 33. Kf2 Rc7
34. Rc2 Rcd7 35. Ke3 Bc6 36. Rcd2 Bd5 37. g4 Bc6 38. g3 Bd5 39. Rh2 Rc7 40. Rc1
Rcd7 41. Rd1 Rc7 42. Rc2 Rcd7 43. Rc3 Bc6 44. Rcd3 Bd5 45. R3d2 Bc6 46. Rd3 1/2-1/2

[Event "17th European Club Cup w"]
[Site "Eilat ISR"]
[Date "2012.10.12"]
[Round "2.3"]
[White "Kovanova, Baira"]
[Black "Danielian, Elina"]
[Result "0-1"]
[WhiteTitle "WGM"]
[BlackTitle "GM"]
[WhiteElo "2408"]
[BlackElo "2476"]
[WhiteTeam "Ugra"]
[BlackTeam "Mika"]
[WhiteFideId "4164083"]
[BlackFideId "13300210"]
[EventDate "2012.10.11"]

1. e4 c5 2. Nf3 Nc6 3. c4 e6 4. Nc3 Nd4 5. Nxd4 cxd4 6. Ne2 Nf6 7. d3 Bb4+ 8.
Bd2 Bxd2+ 9. Qxd2 e5 10. g3 d6 11. Bg2 O-O 12. O-O a5 13. b3 Bd7 14. h3 b5 15.
f4 bxc4 16. bxc4 Bc6 17. g4 Nd7 18. Ng3 Nc5 19. f5 f6 20. Rab1 h6 21. Bf3 a4 22.
Bd1 a3 23. Bc2 Qa5 24. Qc1 Rfb8 25. h4 Qc3 26. Ne2 Rxb1 27. Qxb1 Qb2 28. Kf2
Qxb1 29. Rxb1 Ba4 30. Bxa4 Nxd3+ 31. Kf3 Rxa4 32. Rb8+ Kh7 33. g5 hxg5 34. hxg5
fxg5 35. Rb7 g4+ 36. Kxg4 Nc5 37. Re7 Nxe4 38. Kf3 d3 39. Ng1 d2 40. Ke2 Rb4 41.
Nf3 Rb2 0-1

[Event "17th European Club Cup w"]
[Site "Eilat ISR"]
[Date "2012.10.12"]
[Round "2.3"]
[White "Harika, Dronavalli"]
[Black "Girya, Olga"]
[Result "0-1"]
[WhiteTitle "GM"]
[BlackTitle "WGM"]
[WhiteElo "2512"]
[BlackElo "2454"]
[WhiteTeam "Mika"]
[BlackTeam "Ugra"]
[WhiteFideId "5015197"]
[BlackFideId "4195752"]
[EventDate "2012.10.11"]

1. d4 d5 2. c4 e6 3. Nf3 Nf6 4. Bg5 h6 5. Bxf6 Qxf6 6. Nc3 c6 7. e3 Nd7 8. Bd3
dxc4 9. Bxc4 g6 10. O-O Bg7 11. e4 e5 12. Re1 O-O 13. d5 Rd8 14. a4 Nb6 15. Nd2
Nxc4 16. Nxc4 Bf8 17. Qd2 Bc5 18. Rac1 Bd7 19. Ne3 h5 20. Ncd1 Bd4 21. a5 Qg5
22. a6 cxd5 23. axb7 Rab8 24. exd5 Rxb7 25. Kh1 Rdb8 26. Qa5 Kg7 27. Rc2 Rb5 28.
Qd2 f5 29. Nc3 R5b7 30. Qe2 Qf6 31. Nc4 e4 32. Rd1 Bxc3 33. Rxc3 Rxb2 34. Rc2
Rb1 35. Rd2 Ba4 36. Ne3 Bxd1 37. Nxd1 R8b6 38. h3 Qe5 39. g3 Rd6 40. f4 Qc3 41.
Kg2 Qc5 42. Rb2 Rc1 43. Rb7+ Kf8 44. Ne3 Rb6 45. Rxb6 axb6 46. Qb2 Rc3 0-1

[Event "17th European Club Cup w"]
[Site "Eilat ISR"]
[Date "2012.10.12"]
[Round "2.3"]
[White "Romanko, Marina"]
[Black "Mkrtchian, Lilit"]
[Result "1/2-1/2"]
[WhiteTitle "IM"]
[BlackTitle "IM"]
[WhiteElo "2365"]
[BlackElo "2456"]
[WhiteTeam "Ugra"]
[BlackTeam "Mika"]
[WhiteFideId "4149351"]
[BlackFideId "13300601"]
[EventDate "2012.10.11"]

1. d4 d5 2. c4 e6 3. Nc3 Be7 4. cxd5 exd5 5. Bf4 c6 6. Qc2 Nf6 7. h3 Qa5 8. Nf3
Ne4 9. Nd2 Nd6 10. Bxd6 Bxd6 11. e4 dxe4 12. Qxe4+ Be6 13. Nc4 Qd8 14. Bd3 Be7
15. O-O Nd7 16. Rad1 Nf6 17. Qe3 O-O 18. Ne5 Nd5 19. Nxd5 Bxd5 20. b3 Re8 21.
Qd2 Bf8 22. Rfe1 a5 23. Qc2 g6 24. Bc4 Bg7 25. Qc3 Bf8 26. Re3 Re7 27. Ng4 Bg7
28. Bxd5 cxd5 29. Rxe7 Qxe7 30. a4 Qd8 31. Qc5 b6 32. Qb5 Qd6 33. Ne3 Rd8 34.
Qd3 h5 35. h4 Qf4 36. g3 Qd6 37. Qb5 Qe6 38. Qd3 Qc6 39. Rd2 Qf6 40. Kg2 Qe6 41.
Nd1 Qe4+ 42. f3 Qe1 43. Nc3 Rc8 44. Rc2 Qa1 45. f4 Qe1 46. f5 gxf5 47. Nxd5
Rxc2+ 48. Qxc2 Bxd4 49. Qxf5 Qg1+ 50. Kf3 Qd1+ 51. Ke4 1/2-1/2

[Event "17th European Club Cup w"]
[Site "Eilat ISR"]
[Date "2012.10.13"]
[Round "3.3"]
[White "Cmilyte, Viktorija"]
[Black "Kovalevskaya, Ekaterina"]
[Result "1/2-1/2"]
[WhiteTitle "GM"]
[BlackTitle "IM"]
[WhiteElo "2528"]
[BlackElo "2405"]
[WhiteTeam "AVS"]
[BlackTeam "SHSM-Nashe Nasledie"]
[WhiteFideId "12801259"]
[BlackFideId "4116704"]
[EventDate "2012.10.11"]

1. d4 d5 2. c4 e6 3. Nc3 c5 4. cxd5 exd5 5. Nf3 Nc6 6. g3 Nf6 7. Bg2 Be7 8. O-O
O-O 9. dxc5 d4 10. Na4 Bf5 11. Bf4 Be4 12. Rc1 h6 13. a3 g5 14. Bd2 Qd5 15. b4
Ne5 16. Nb2 d3 17. Nxe5 Bxg2 18. Nbxd3 Bxf1 19. Qxf1 Ne4 20. Be3 Bf6 21. Ng4 Bg7
22. f3 Nf6 23. Ngf2 Rfe8 24. Bd2 Qa2 25. Qd1 Rad8 26. Kf1 Qe6 27. b5 Nd5 28. c6
bxc6 29. Rxc6 Qd7 30. a4 Ne7 31. Rc4 Nf5 32. e4 Nd4 33. Ba5 Qe6 34. Rc1 Rc8 35.
Nc5 Qa2 36. Kg2 Qe2 37. Qxe2 Nxe2 38. Rc4 Nd4 39. Nfd3 Ne6 40. b6 axb6 41. Bxb6
Rc6 42. a5 Rec8 43. Rc1 Bf8 44. Nxe6 Rxc1 45. Nxc1 fxe6 46. Nb3 Rc2+ 47. Kh3 Ra2
48. Nd4 Kf7 49. f4 gxf4 50. gxf4 Bb4 51. Nc6 Bd2 52. Kg4 Ra4 53. Kf3 Ra3+ 54.
Kg4 Ra4 55. Kf3 Ra3+ 56. Kg4 Ra4 1/2-1/2